| 000 | 00516nam a2200169 4500 | ||
|---|---|---|---|
| 008 | 0 1985 0x 000 0USA | ||
| 020 | _a0-07-003899-6 | ||
| 050 | _aTK7885 B283 | ||
| 082 | _a001.64 B133d | ||
| 100 | _aBartee, Thomas C. | ||
| 245 | _aDigital Computer Fundamentals / Thomas C. Bartee | ||
| 250 | _a6 | ||
| 260 | _aUnited States of America : McGraw-Hill | ||
| 300 | _axii, 610 p. / 23 cm. | ||
| 500 | _aIncluye bibliografía, repuestas, índice. | ||
| 650 | _a1.ELECTRONIC DIGITAL COMPUTERS | ||
| 999 |
_c11854 _d11854 |
||